Science Quiz

Random Science or Astronomy Quiz

Phenomenal Weather Pictures Quiz Stats

 Plays Quiz Updated Sep 25, 2018

Score 0/15 Timer 04:00
779 Plays Today
Weather % Correct
Blizzard
99.4%
Forest Fire
98.3%
Tornado
98.2%
Fog
96.9%
Lightning
96.2%
Flood
95.6%
Hurricane
95.1%
Rainbow
94.1%
Weather % Correct
Avalanche
92.9%
Hailstorm
92.1%
Drought
91.6%
Landslide
90%
Dust Storm
89.6%
Waterspout
52.7%
Dust Devil
39.9%

You're not logged in!

Compare scores with friends on all Sporcle quizzes.
Join for Free
OR
Log In

You Might Also Like...

Show Comments

Extras

Top Quizzes Today


Score Distribution

Your Account Isn't Verified!

In order to create a playlist on Sporcle, you need to verify the email address you used during registration. Go to your Sporcle Settings to finish the process.

Report this User

Report this user for behavior that violates our Community Guidelines.

Details: